Účinnosť manažérstva kvality je aj otázkou etiky a morálky

Zdokonaľovanie systému kvality ďalšími formami a prostriedkami. Etické správanie a TQM. Význam etického správania vo firme. Morálka a etika ako dôležitá zložka úrovne či kvality ľudí vo firme. Implementácia etiky do praxe ako významného podnikateľského a riadiaceho potenciálu vo vyspelých krajinách....

Descrizione completa

Salvato in:
Dettagli Bibliografici
Autore principale: Hekelová, Edita
Natura: Capitolo di libro
Lingua:slovacco
Soggetti:
Tags: Aggiungi Tag
Nessun Tag, puoi essere il primo ad aggiungerne!!

MARC

LEADER 00000naa a2200000 4500
001 r040390
005 20231002065730.0
041 0 |a slo 
044 |a SK 
245 1 0 |a Účinnosť manažérstva kvality je aj otázkou etiky a morálky  |c Edita Hekelová 
520 |a Zdokonaľovanie systému kvality ďalšími formami a prostriedkami. Etické správanie a TQM. Význam etického správania vo firme. Morálka a etika ako dôležitá zložka úrovne či kvality ľudí vo firme. Implementácia etiky do praxe ako významného podnikateľského a riadiaceho potenciálu vo vyspelých krajinách.á 
610 2 0 |a kvalita 
610 2 0 |a etika 
610 2 0 |a morálka 
610 2 0 |a firmy 
610 2 0 |a správanie 
610 2 0 |a riadenie kvality 
610 2 0 |a TQM 
100 1 |a Hekelová, Edita